000 04633nab a2200313 i 4500
003 BR-BrBNA
005 20230918140038.0
008 230620b2019 bl.ar|pooa||| 00| 0 eng |
040 _aBR-BrBNA
_beng
072 _aH60
_aF03
100 _aSchmitz, M.F.
100 _aZandoná, R.R.
100 _aVargas, A.A.M.
100 _aGarcia, J.R.
100 _aTunes, L.V.M.
100 _aAgostinetto, D.
245 _aQuick test for detecting glyphosate-resistant ryegrass seeds
500 _aPublicação on-line; 22 ref.; 3 tables; 8 illus.; Summaries (En, Pt)
520 _a ABSTRACT - The commercialization of ryegrass seeds with the presence of resistant biotypes is a serious issue that increses the dispersion of resistance to new areas without this problem. Therefore, this study aimed to develop a quick test to detect susceptible and resistant seeds to the glyphosate herbicide in order to identify contaminated seed lots with glyphosate resistance. Three experiments were carried out, one in greenhouse and the other two in the seed laboratory. First, the resistance factor (RF) was determined by a dose-response curve experiment in biotypes suspected to be resistant and susceptible to glyphosate. Then, the germination test was conducted with the selected biotypes under increasing glyphosate rates (0, 3.5, 6.9, 13.9, 27.8, 55.5, 111, 222, 445, 890, and 1,780 mg a.e. L-1), as the second experiment. The third experiment was made to verify the methodological efficiency of the germination test with glyphosate to identify different contamination ratios (0, 4, 12, 36, and 100%) of the resistant biotype in the seed lot. The different levels of susceptibility of the biotypes to glyphosate were confirmed by the RF of 154.7 based on C50. Germination of the susceptible biotype was inhibited more than 99% by the rate of 127 mg a.e. L-1, while the resistant biotype was a little affected. The germination test with 127 mg a.e. L-1 of glyphosate showed contaminations of 2, 5, 19, 39, and 86% in lots with 0, 4, 12, 36, and 100% of contaminated seeds, respectively. This methodology can detect glyphosate susceptible and resistant seeds and identify contaminated seed lots with resistant glyphosate biotypes. Keywords: Lolium multiflorum, germination, herbicide, methodology.
520 _a RESUMO - A comercialização de sementes de azevém com a presença de biótipos resistentes promove a dispersão da resistência para áreas isentas do problema. Diante disso, o objetivo deste trabalho foi desenvolver teste rápido para diferenciação de sementes suscetíveis e resistentes ao herbicida glifosato, visando identificar lotes contaminados com sementes de biótipos resistentes. Foram realizados três experimentos, sendo um em casa de vegetação e dois em laboratório. No primeiro, determinou-se o fator de resistência (FR) em experimento de curva dose-resposta em biótipos com suspeita de serem resistente e suscetível. No segundo, realizou-se teste de germinação dos biótipos, sob doses crescentes de glifosato (0; 3,5; 6,9; 13,9; 27,8; 55,5; 111; 222; 445; 890; e 1.780 mg e.a. L-1. No terceiro, avaliou-se a eficiência da metodologia do teste de germinação com glifosato para identificação de diferentes proporções de contaminação (0, 4, 12, 36 e 100%) do biótipo resistente no lote de sementes. A suspeita dos biótipos foi comprovada em razão dos diferentes níveis de suscetibilidade ao herbicida glifosato, sendo o FR de 154,7 com base na C50. A dose de 127 mg e.a. L-1 inibiu em mais de 99% a germinação do biótipo suscetível, enquanto o biótipo resistente foi pouco afetado. A partir do teste de germinação, identificou-se contaminação de 2, 5, 19, 39 e 86% em lotes com a presença de 0, 4, 12, 36 e 100% de sementes contaminadas, respectivamente, quando expostas à dose de 127 mg e.a. L-1. A metodologia testada possibilitou diferenciar sementes suscetíveis e resistentes ao herbicida glifosato e identificar lotes de sementes contaminadas com biótipos resistentes. Palavras-chave: Lolium multiflorum, germinação, herbicida, metodologia.
650 _aLOLIUM MULTIFLORUM
650 _aAZEVÉM
650 _aGERMINAÇÃO
650 _aHERBICIDA
773 0 _0886
_91816
_dLondrina-PR : Sociedade Brasileira da Ciência das Plantas Daninhas, 1978
_o2023-031023
_tPlanta Daninha (Brazil)
_x0100-8358; 1806-9681 (on-line)
_gv. 37 p. 1-9; (2019)
_wBR2023000443
856 _uhttps://www.scielo.br/j/pd/a/6CF4Bb6Y7g9Sh3h7WSDHmnh/?format=pdf&lang=en
942 _cAnalítica
999 _c9421
_d9421